Zmarli w 2022 roku - Statystyki

Ogólne statystyki
  • Ten quiz został rozwiązany 16 razy
  • Średni wynik to 5 z 13
Statystyki odpowiedzi
Opis Osoba % Poprawnych
Królowa Anglii Elżbieta II
100%
Jeden z najlepszych piłkarzy wszechczasów Pele
93%
Papież Benedykt XVI
87%
Pierwszy Polak w kosmosie Mirosław Hermaszewski
60%
Aktor,założyciel Teatru Kamienica Emilian Kamiński
47%
Jeden z czterech pancernych Franciszek Pieczka
47%
Polski piosenkarz "Bo z dziewczynami" Jerzy Połomski
40%
współtwórca i prezes TVN Mariusz Walter
27%
Polski aktor znany z filmu "Sztos" Jan Nowicki
13%
Wicepremier, działacz opozycji demokratycznej w PRL Ludwik Dorn
13%
Polska aktorka "Jak być kochaną" Barbara Krafftówna
7%
Aktor, grał w "Quo Vadis", poseł Jerzy Trela
7%
Aktor, grał Hagrida w filmie Harry Potter" Robbie Coltrane
7%
Nie znaleziono quizów pasujących do podanych kryteriów
Rozkład punktacji
Procent ludzi z każdym wynikiem
Percentyl według liczby udzielonych odpowiedzi
Twoja historia wyników
Nie rozwiązałeś tego quizu